| 000 | 00403nam a2200157Ia 4500 | ||
|---|---|---|---|
| 008 | 120928t2001 xxu||||| |||| 00| 0 sin d | ||
| 041 | _asin | ||
| 080 |
_ax 8 S 3 (Youth) _bHEW |
||
| 245 | _aරතුකැටය | ||
| 246 | _aRathukataya | ||
| 260 |
_aStamferd Lake Publishers _aPannipitiya _c2001 |
||
| 300 | _b77p, 18 cm | ||
| 942 | _cBK | ||
| 999 |
_c43109 _d43109 |
||
| 003 | LK-CoDNM | ||
| 040 |
_aLK-CoDNM _dLK-CoDNM _eLK-CoDNM |
||